Giovanni Arrighi in Beijing: Rethinking the transformation of the labor supply in rural China during the reform era (Record no. 512491)

000 -LEADER
fixed length control field 00489nam a2200145 4500
008 - FIXED-LENGTH DATA ELEMENTS--GENERAL INFORMATION
fixed length control field 191126b ||||| |||| 00| 0 eng d
100 ## - MAIN ENTRY--PERSONAL NAME
Personal name Qi, Hao
245 ## - TITLE STATEMENT
Title Giovanni Arrighi in Beijing: Rethinking the transformation of the labor supply in rural China during the reform era
260 ## - PUBLICATION, DISTRIBUTION, ETC. (IMPRINT)
Name of publisher, distributor, etc Science and Society
300 ## - PHYSICAL DESCRIPTION
Extent 83(3), Jul, 2019: p.327-354.
700 ## - ADDED ENTRY--PERSONAL NAME
Personal name Li, Xhongjin
9 (RLIN) 13854
773 ## - HOST ITEM ENTRY
Main entry heading Science and Society
906 ## - LOCAL DATA ELEMENT F, LDF (RLIN)
Subject DIP Labour supply - China
942 ## - ADDED ENTRY ELEMENTS (KOHA)
Source of classification or shelving scheme
Item type Articles
Holdings
Withdrawn status Lost status Source of classification or shelving scheme Damaged status Not for loan Permanent location Current location Date acquired Serial Enumeration / chronology Barcode Date last seen Koha item type
          Indian Institute of Public Administration Indian Institute of Public Administration 2019-11-26 83(3), Jul, 2019: p.327-354. AR121859 2019-11-26 Articles

Powered by Koha